Minik Kâşifler için Hayat Bilgisi - Şekiller (Record no. 1272326)

MARC details
000 -LEADER
sabit uzunluktaki kontrol alanı 00302nam a2200109Ia 4500
001 - KONTROL NUMARASI
kontrol alanı 1272326
005 - EN SON İŞLEMİN TARİH VE ZAMANI
kontrol alanı 20260417151426.0
008 - SABİT-UZUNLUKTA VERİ ÖĞELERİ--GENEL BİLGİ
sabit uzunluktaki kontrol alanı 260417s9999 xx 000 0 und d
020 ## - ULUSLARARASI STANDART KİTAP NUMARASI
Uluslararası Standart Kitap Numarası 9786256126756
245 #0 - ESER / YAZAR
ESER ADI Minik Kâşifler için Hayat Bilgisi - Şekiller
Yazar Adı Mukaddes Kutlu
260 ## - YAYIN, DAĞITIM, VB.
YAYIN EVİ Ketebe Çocuk
Holdings
Düşüm durumu Kayıp durumu Hasar Durumu Ödünç verilmez Ana kütüphane Geçerli Kütüphane Edinilen tarih Toplam ödünç verme sayısı Barkod Son görüntüleme tarihi Fiyatın geçerli olmaya başladığı tarih Koha materyal türü
        YAZIR FARABİ ORTAOKULU YAZIR FARABİ ORTAOKULU 17.04.2026   11092274 17.04.2026 17.04.2026 Books